000 00859nam a22003017a 4500
003 CHAP
005 20220817044057.0
008 060210d2005 it rn 00110 fre d
010 _a91660
011 _a92632
020 _a9252053468
035 _a103197
040 _cCHAP
082 0 4 _a639.2
_bF46f v.780
110 2 _aFAO
245 1 0 _aRapport de la session du comité des péches (26o.)
_c/par FAO
260 _aRome :
_bFAO,
_c2005.
300 _a91 p.
490 0 _aFAO. Informe de pesca
_v; 780
590 _aBATCH-UPD
_b10
_c20130110
_lUCH01
_h1045
590 _aCONVERSION
_b10
_c20130109
_lUCH01
_h1351
650 1 4 _aPesca.
830 0 _aFAO. Informe de pesca
_v; 780
_939587
901 _aBK
905 _aAlejandra Carrasco M.
942 _cLIBRO
949 _a639.2 F46f v.780
_bBC
_cFAO
_d33724000991865
_eFAO1
_gDonaciØn
_h107688
_i103197
_sb
999 _c91660
_d91660